Zastupitelské orgány - nástroj pracujícího lidu ve výstavbě socialismu : sborník statí učitelů právnické fakulty Karlovy univerzity v Praze /

Další autoři: Peška, Pavel, 1926-2013
Jazyk: Čeština
Vydáno: Praha : Orbis, 1954
Vydání: 1. vyd.
Témata:
Fyzický popis: 68 s. ; 8°
Knihy
Uloženo v:
LEADER 01032nam a22002652a 4500
001 000732812
003 CZ BrMZK
005 20150123081108.0
007 ta
008 040907s1954 xr er|||||||||||cze d
015 |a cnb000678682 
035 |a (OCoLC)19452799 
040 |a ABA001  |c CBA001  |d ABA001  |b cze  |d BOA001 
245 0 0 |a Zastupitelské orgány - nástroj pracujícího lidu ve výstavbě socialismu :  |b sborník statí učitelů právnické fakulty Karlovy univerzity v Praze /  |c redaktor Pavel Peška 
250 |a 1. vyd. 
260 |a Praha :  |b Orbis,  |c 1954 
300 |a 68 s. ;  |c 8° 
500 |a 5400 výt. 
504 |a Obsahuje bibliografii 
700 1 |a Peška, Pavel,  |d 1926-2013  |7 jk01092669  |4 edt 
910 |a BOA001  |b PK-0008.387  |b 2-0331.555 
964 |a ČSR - soustava zastupitelská - sborníky 
990 |a BK 
996 6 |b 2618996402  |c 2-0331.555  |l MZK  |r Sklad / do 24 hodin  |n 0  |w 000732812  |u 000030  |a 1  |e BOA001  |j MZK50  |s P 
996 7 |b 3119678581  |c PK-0008.387  |l MZK  |r Sklad / do 1 hodiny  |n 0  |w 000732812  |u 000010  |a 1  |e BOA001  |j MZK50  |s A